Sports Quiz

Random Sports or NBA Quiz
Score 0/13 Timer 10:00
0 Plays Today
guess % Correct
Got traded to the New York Knicks 2011 Carmelo Anthony
100%
Got traded to the Lakers 2012 Dwight Howard
90%
Got traded to the Lakers 2008 Pau Gasol
90%
Got traded to the L.A. clippers 2011 Chris Paul
80%
Got traded to the New Jersey Nets 2004 Vince Carter
80%
Got traded to the Miami Heat 2004 Shaq
80%
Got traded to the Detroit Pistons 2004 Rasheed Wallace
70%
Got traded to the New Jersey Nets 2011 Deron Williams
70%
Got traded for Vlade Divac 1996 Kobe Bryant
60%
Got traded to the Brooklyn nets 2013 hint: 2 people Paul Pierce and Kevin Garnett
60%
Got traded to the L.A. Lakers 1975 Kareem abdul-jabbar
60%
Got traded to the Celtics 2007 hint: 2 people Ray Allen and Kevin Garnett
50%
Got traded to the Milwaukee Bucks 2003 Gary Payton
20%
Remove Ads.
Support Sporcle.
Get the best of Sporcle when you Go Orange. This ad-free experience offers more features, more stats, and more fun while also helping to support Sporcle. Thank you for becoming a member.

You're not logged in!

Compare scores with friends on all Sporcle quizzes.
OR
Log In

Show Comments

Extras

Created Sep 5, 2017ReportNominate
Tags:NBA Quiz, Pro Sports

Top Quizzes Today


Score Distribution

Your Account Isn't Verified!

In order to create a playlist on Sporcle, you need to verify the email address you used during registration. Go to your Sporcle Settings to finish the process.

Report this User

Report this user for behavior that violates our Community Guidelines.

Details: